Harmonizovaný index spotrebiteľských cien – nové zdroje údajov a metódy ich spracovania dizertačná práca

Saved in:
Bibliographic Details
Main Author: Glaser-Opitzová, Helena, 1964-
Corporate Author: Fakulta hospodárskej informatiky EU. Katedra štatistiky
Other Authors: Vojtková, Mária, 1966-
Format: Book
Language:Slovak
Published: Bratislava 2024
Subjects:
Tags: Add Tag
No Tags, Be the first to tag this record!

MARC

LEADER 00000nbm a2200000 4500
001 0304098
005 20250107143828.4
041 0 |a slo 
044 |a SK 
245 1 0 |a Harmonizovaný index spotrebiteľských cien – nové zdroje údajov a metódy ich spracovania  |b dizertačná práca  |c Helena Glaser-Opitzová ; školiteľ: Mária Vojtková 
264 1 |a Bratislava  |c 2024 
300 |a 119 s. 
610 2 0 |a index cien spotrebiteľských 
610 2 0 |a inflácia 
610 2 0 |a potraviny 
610 2 0 |a nápoje nealkoholické 
610 2 0 |a maloobchod 
610 2 0 |a Slovensko 
100 1 |a Glaser-Opitzová, Helena, 1964- 
700 1 |a Vojtková, Mária, 1966- 
710 2 |a Fakulta hospodárskej informatiky EU. Katedra štatistiky